000 00344cam a2200145ua 4500
041 _aeng
_h
082 _a621.815
_bJAI/MA
100 _aJain, R K .
245 _aMachine design /
_cR K Jain.
_hTextual Documents
260 _aDelhi :
_bKhanna publishers ,
_c1983.
300 _a1357 ; .
504 _a
942 _cBK
999 _c10352
_d10352